000
00378nam a2200181Ia 4500
100
_a
Louis/Maria M
650
_a
ELECTRONICS
250
_a
5
942
_c
BK
366
_f
25
654
_a
electrical engineering
245
_a
Elements of electrical engineering
260
_b
prentice hall
_c
2014
082
_b
LOU
300
_a
973
546
_a
ENGLISH
999
_c
33851
_d
33851